MDQL
is popping MORE tags! Check the
thread
!
Quizzes
Events
Quiz Creation
Community
Videos
Private Events
Remove Ads
Sign In
Join for FREE
Feedback
Dark Mode
Quiz Categories
Sports
Geography
Music
Movies
Television
Just For Fun
Miscellaneous
History
Literature
Language
Science
Gaming
Entertainment
Religion
Holiday
For Kids
Quiz Lab
Recent
Popular Today
Quiz Kudos Today
Editor Picks
Curator Picks
Quizzes by...
Day
Popularity
Type
Ratings
Length
Year
Community
Subscriptions
Recent Discussions
Orange Saloon
Badges
Playlists
Quests
Create
Leaderboards
Showdown
Live 5
Trivia Bingo
Activity
Puzzle Library
Sporcle Events
Private Events
Virtual Trivia
Globe League
Become a Host
Pub Owners
SporcleCon
Opinionation
Our Games
Videos
Blog
Mobile Apps
Partnerships
Remove Ads and Go Orange
Feedback
Miscellaneous
Crossword
General Knowledge
Baby Names
Logo
Food
Cars
Numbers
Grab Bag
University
College
Popular
Company
Slogans
Restaurants
Justice
Letter
Miscellaneous
Crossword
General Knowledge
Baby Names
Logo
Food
Cars
Numbers
Grab Bag
University
College
Popular
Company
Slogans
Restaurants
Justice
Letter
Random Quiz
Search Sporcle
×
Quiz Lab
Quiz Lab
Miscellaneous
last
Type in answers that appear in a list
Type in answers that appear in a list
Classic
Best Score? Go Orange.
Initial, Middle Name, Last Name Stats
Can you name the people with an initial, middle name, then last name?
By
cigarette
5m
23 Questions
121 Plays
121 Plays
121 Plays
Comments
Comments
Give Quiz Kudos
Give Quiz Kudos
-
- Ratings
hide this ad
Replay
Link that replays current quiz
Next Quiz
Link to next quiz in quiz playlist
You Got
0%
They Got
Avg Score
20%
Avg Friend Score
Upgrade to see
Score Distribution
Jump to the score distribution portion of the page
Score
0/23
Timer
05:00
0
Plays Today
Hint
Name
% Correct
First Director of the FBI
J. Edgar Hoover
66.1%
Founder of a controversial religion
L. Ron Hubbard
47.9%
Academy Award-
winning actor from Amadeus and The Name of the Rose
F. Murray Abraham
37.2%
Jazz Age author
F. Scott Fitzgerald
36.4%
Filmmaker known for plot twists
M. Night Shyamalan
34.7%
Fictional boss of Spider-
Man
J. Jonah Jameson
33.1%
Businessman and third-
party presidential candidate
H. Ross Perot
32.2%
Lawyer associated with OJ Simpson and Sam Sheppard
F. Lee Bailey
27.3%
Actor: 'Soul Man' and 'The Outsiders'
C. Thomas Howell
25.6%
Ronald Reagan's Surgeon General
C. Everett Koop
24%
American oil billionaire with a museum named for him
J. Paul Getty
22.3%
Actor known for military roles
R. Lee Ermey
20.7%
Hint
Name
% Correct
A major figure in the Watergate scandal
G. Gordon Liddy and E. Howard Hunt
18.2%
Long-
running performer on Law & Order
S. Epatha Merkerson
9.9%
Popular children's fantasy author
L. Frank Baum
9.1%
Author of Life's Little Instruction Book
H. Jackson Brown
8.3%
Author of Of Human Bondage
W. Somerset Maugham
7.4%
Regular SNL and The Daily Show guest star
A. Whitney Brown
5.8%
Roger **** once said 'no movie featuring either Harry Dean Stanton or [this actor]... can be altogether bad.'
M. Emmet Walsh
3.3%
Psychiatrist known for his book The Road Less Traveled
M. Scott Peck
2.5%
Founder of The American Spectator
R. Emmett Tyrrell
0%
Philanthropist and self-
help author
W. Clement Stone
0%
Statistician and industrial consultant
W. Edwards Deming
0%
Quiz Playlist
Details
Report
Send in Message
Add To Playlist
Classic:
Type in answers that appear in a list
Last Updated: Feb 16, 2017
Quiz Scoreboard
CHALLENGE
Sign Up to Join the Scoreboard
Show All
Scores
Hide
Comments
May contain spoilers
Recently Published
Image Sorting: Flags VI
by Barbecue
Geography
2m
Find the 'City' Movie
by crazypaving
Movies
60s
Colored Red Africa Blitz
by spor1
Geography
45s
More to Explore
Quiz From the Vault
Featured Blog Post
14 Easter Pick-up Lines to Find Eggs With
hide this ad
You Might Also Like...
Tags
initial
last
middle
Today's Top Quizzes in Miscellaneous
Browse Miscellaneous
hide this ad
Today's Top Quizzes in last
Browse last
Top Contributed Quizzes in Miscellaneous
1
The JOE quick-fire general knowledge quiz: Day 174
2
5-to-1: Fast Food
3
9x9 Crossword: Disney Movie Titles
4
9x9 Crossword: Charlie and the Chocolate Factory
5
The JOE quick-fire general knowledge quiz: Day 173
6
9x9 Crossword: 2022 Movies
7
9x9 Crossword: Actors
8
9x9 Crossword: The Simpsons
9
9x9 Crossword: Pixar Movie Titles
10
9x9 Crossword: Flags
Explore More
Trending Topics
Marvel
Kpop
Harry Potter
Disney
Crossword
NBA
Anime
NFL
Soccer
WWE
Song
Country
The Office
Puzzle
Pokémon
hide this ad
More By:
cigarette
Quiz
Plays
Rating
Category
Featured
Created
Conspiracy Theories
2,142
4.50
Miscellaneous
Oct 12, 2009
Dinosaurs of the Jurassic Park Films
1,766
4.13
Movies
Sep 23, 2009
States by Population
480
4.40
Geography
Sep 30, 2009
Alliterated Comic Book Aliases
359
4.20
Entertainment
Jan 31, 2010
Films with Acronyms
263
2.60
Movies
Oct 26, 2009
Go to Creator's Profile
Score Distribution
Quiz Creator Spotlight
cigarette
Follow
Send a Message
Quizzes Created
-
Created Quiz Play Count
-
More By This Creator
Popular Quizzes Today
1
Colored Red Africa Blitz
2
Find the US States - No Outlines Minefield
3
Find the 'City' Movie
4
5x2 Blitz: Bands
5
The Countries of the World
6
Find the US States
7
Find the Countries of Europe - No Outlines Minefield
8
US States
More Miscellaneous Quizzes
Two-Word Hint Mini-Crossword IV
Published
Trending Quizzes
Colored Red Europe Blitz I
Colored Red Europe Blitz II
Colored Red Africa Blitz II
Colored Red Europe Blitz III
Colored Red Africa Blitz III
Recently Updated
How Do You Spell That?
pecheneg
Godzilla Movies
pecheneg
Grab Bag: 4-10 Letters
pecheneg
2024 March Madness Bracket
pecheneg
Famous TV Couples
Peacemaker
Champions League XIs: Real Madrid
pecheneg
Largest US Cities 1790-2010
pecheneg
Rides in Walt Disney World
pecheneg
Most Oscar Losses (Acting)
pecheneg
Beyoncé Albums
pecheneg
Trending Topics
Disney
Anime
Marvel
NBA
Harry Potter
Crossword
Kpop
Country
Pokémon
Soccer
Song
The Office
Puzzle
WWE
NFL
Your Account Isn't Verified!
In order to create a playlist on Sporcle, you need to verify the email address you used during registration. Go to your
Sporcle Settings
to finish the process.
Report this User
Report this user for behavior that violates our
Community Guidelines
.
Details:
Send Report
Go to the Sporcle.com Mobile Site →
Comments